000 00829cab a2200289 4500
001 ABS57677
008 090401t1997 xxu||||| |||| 00| 0 eng d
035 _a(Sirsi) u80887
041 _aeng
100 _aPotter, I.
245 _aMilk quotas - pick out the certainties in an uncertain world
260 _c1997
350 _a0
490 _aFarmland Market
_v(48) Autumn 1997, 16-17(2)
520 _aAn overview of the milk quota market, assessing the impact of EU dairy policy changes and the implications of Agenda 2000.
650 _aAGENDA 2000
650 _aCAP REFORM
650 _aDAIRY FARMS
650 _aDAIRY POLICY
650 _aDAIRY PRODUCTS
650 _aEU POLICY
650 _aMILK QUOTA MARKET
650 _aMILK QUOTAS
690 _aRURAL PRACTICE
942 _n0
948 _c16/09/1997
999 _c50935
_d50935